000 02041nam a2200253Ii 4500
008 221202s xx 000 0 und d
100 1 _aMaccabiani, Nadia,
_eauthor
245 4 _aThe Effectiveness of Social Rights in the EU
246 _aSocial Inclusion and European Governance : A Constitutional and Methodological Perspective
264 1 _aMilan
_bFrancoAngeli
_c2018
300 _a1 online resource
336 _atext
_btxt
_2rdacontent
337 _acomputer
_bc
_2rdamedia
338 _aonline resource
_bcr
_2rdacarrier
490 _aStudi di dritto pubblico - Open Access
_v1
520 _aIncreasing inequalities, social exclusion and poverty within the EU (although at a different scale between States) prove that the effectiveness of social rights falls behind their formal entitlements and their judicial enforceability. Beyond the classical way followed by legal studies in dealing with the issue, the focus would shift to experimental ways better able to cope with the current multifaceted implications of social exclusion, poverty and inequalities for the purpose of effective and improved social inclusion. Indeed, legacies stemming from developments at the European level (recent and less recent) are relevant not only for policy-makers and social scientists but for legal scholars too. These latter are expected to pick up and underline the main aspects of constitutional relevance implied in the process and steer it towards being constitutionally consistent. Against this background, our claim for an interdisciplinary dialogue with social sciences focuses on the constitutional implications underlying the use of social indicators within the European governance framework.
653 _aEuropean Governance
653 _aEuropean Union
653 _aLegal Studies
653 _aSocial Inclusion
653 _aSocial Rights
856 _uhttps://library.oapen.org/bitstream/20.500.12657/29474/1/297-99Z_Book%20Manuscript-1375-1-10-20180320.pdfhttp://library.oapen.org/handle/20.500.12657/29474
942 _cE-BOOK
999 _c66233
_d66233